00793 2200253 4500001002100000005001700021008004100038035002400079043001200103082001100115082001000126090002000136090001900156245015200175250001100327260005500338300002700393650001900420700002300439700002100462730001400483999002100497999002100518YOGYA-0411000000145920110418102419.0 ind  0010-041100000001459 aYOPDYOG a331.11 a331.4 aDEP 331.11bPer aDEP 331.4bPer aPERGULATAN hidup buruh perempuanbrefleksi perjalanan Yasanti dalam mendampingi buruhcTim penyunting Dadang Yuliantara, Amin Muftiyanah, Istiyatun aCet. 1 aYogyakartabYayasan Annisa Swasti ( Yasanti)c1998 a120 hlm.bilus.c21 cm aWanita-pekerja aYuliantara, Dadang aMuftiyanah, Amin aIstiyatun a1998-335 CB-D.11 a1998-335 CB-D.11